00688nam a2200229Ia 4500003000400000005001700004008004100021020001800062040001900080041000800099082002300107100002200130245005000152250001200202260003400214300002800248650003900276650003300315650004100348650003400389650003500423OSt20240628143333.0210716s1994 xx 000 0 und d a9781874416265 cAIMIIT LIBRARY aeng a005.1331 21bYARO aYaroshenko, Oleg. aBeginners guide to c++ /cBy Oleg Yaroshenko. a1st ed. aUK :bWrox Press Ltd ;c1994. axii,691p. ;bPBc23 cm. aWorking with large amounts of data aUsing and creating functions aCombining data and code into classes aInheritance and encapsulation aUsing preprocessing directives